000 00299nam a22001337a 4500
020 _a0-75253-412-2
082 _a823
_bPAR/S
100 _aPARRAGON BOOKS
245 _aSMALLEST GIANT AND OTHER STORIES
260 _aUK
_bPARRAGON BOOKS
_c2001
300 _a190
520 _aSHORT STORY
942 _cBK
999 _c5850
_d5850